000 00941 a2200217 4500
003 UA-OsUOA
005 20240531142317.0
008 240515b un ||||| |||| 00| 0 ukr d
020 _a9786177973194
040 _bukr
_cUA-OsUOA
080 _a615.8
090 _a615.8
_bК67
100 _aКорнюшина О.
_92726
245 _a37 буддійських штук. Як пережити бентежні часи
_cОльга Корнюшина
260 _aК.
_bНаш формат
_c2021
300 _a240 с.
_bіл.
650 _a615.8 Фізіотерапія. Терапія механічними методами та засобами. Радіотерапія. Інші немедикаментозні терапевтичні засоби
_92727
942 _cBK
_2udc
955 _a4
999 _c576367
_d576367